Asian and African Studies

Na minha lista:
Detalhes bibliográficos
Formato: Periódico
Idioma:inglês
Publicado em: Bratislava Slovenská akadémia vied
Tags: Adicionar Tag
Sem tags, seja o primeiro a adicionar uma tag!

MARC

LEADER 00000nas1a2200000 4500
001 0269995
005 20250701092130.4
022 |a 2585-8793 
022 |a 1335-1257 
041 0 |a eng 
044 |a SK 
245 1 0 |a Asian and African Studies 
264 1 |a Bratislava  |b Slovenská akadémia vied